| 000 | 01062cam a2200337 a 4500 | ||
|---|---|---|---|
| 001 | 419 | ||
| 003 | BD-DhEWU | ||
| 005 | 20140128124336.0 | ||
| 008 | 990204s1991 nyua g b 001 0 eng d | ||
| 010 | _a 90020608 | ||
| 020 | _a0070522634 | ||
| 020 | _a0070522634 | ||
| 020 | _a9780070522633 | ||
| 035 |
_a(OCoLC)456432190 _a(BD-DhEWU)419 |
||
| 040 |
_aDLC _cDLC _dDLC _d BD-DhEWU _beng |
||
| 041 | _aeng | ||
| 050 | 0 | 0 |
_aQ335 _b.R53 1990 |
| 082 | 0 | 0 |
_a006.3 _220 _bRIA 1991 |
| 100 | 1 |
_aRich, Elaine. _93254 |
|
| 245 | 1 | 0 |
_aArtificial intelligence / _cElaine Rich, Kevin Knight. |
| 250 | _a2nd ed. | ||
| 260 |
_aNew York : _bMcGraw-Hill, _cc1991. |
||
| 300 |
_axvii, 621 p. : _bill. ; _c23 cm. |
||
| 504 | _aIncludes bibliographical references (p. 583-603) and indexes. | ||
| 526 |
_aCSE _bCSE |
||
| 590 | _aSaifun Momota | ||
| 650 | 0 |
_aArtificial intelligence. _93255 |
|
| 700 | 1 |
_aKnight, Kevin. _93256 |
|
| 856 | 4 | 2 |
_3 WorldCat details _u http://www.worldcat.org/title/artificial-intelligence/oclc/456432190?referer=di&ht=edition |
| 942 |
_2ddc _cTEXT |
||
| 999 |
_c419 _d419 |
||